[Event "CZE-ch U10 Girls"]
[Site "Kouty nad Desnou"]
[Date "2010.03.09"]
[Round "5"]
[White "Petrova, Eva"]
[Black "Vlkova, Anezka"]
[Result "1/2-1/2"]
[WhiteElo "1100"]
[BlackElo "1100"]
[PlyCount "76"]
[EventDate "2010.03.06"]
[EventType "swiss"]
[EventRounds "9"]
[EventCountry "CZE"]
[SourceTitle "EXT 2012"]
[Source "ChessBase"]
[SourceDate "2011.11.24"]
[SourceVersion "1"]
[SourceVersionDate "2011.11.24"]
[SourceQuality "1"]

1. e4 e5 2. Nf3 Nf6 3. Bc4 Nc6 4. 0-0 Bc5 5. Nc3 b6 6. d3 Nd4 7. Nxe5 Qe7 8. Bf4 0-0 9. Nf3 d6 10. Bg5 Bg4 11. Nd5 Qd8 12. Nxf6+ gxf6 13. Bh6 Re8 14. h3 Nxf3+ 15. gxf3 Bxh3 16. f4 Qd7 17. f5 Bxf5 18. exf5 Qxf5 19. d4 Qg6+ 20. Kh1 Qxh6+ 21. Kg1 Bb4 22. Qg4+ Qg5 23. Qxg5+ fxg5 24. c3 Ba5 25. b4 b5 26. Bxb5 Reb8 27. Bc6 Bb6 28. Bxa8 Rxa8 29. c4 c6 30. Rad1 Bc7 31. d5 cxd5 32. Rxd5 Rb8 33. Rxg5+ Kf8 34. b5 f6 35. Rf5 Bd8 36. Rb1 Rb6 37. a4 Be7 38. a5 Rb7 1/2-1/2

[Event "CZE-ch U10 Girls"]
[Site "Kouty nad Desnou"]
[Date "2010.03.08"]
[Round "3"]
[White "Smirova, Veronika"]
[Black "Petrova, Eva"]
[Result "1-0"]
[WhiteElo "1000"]
[BlackElo "1100"]
[PlyCount "125"]
[EventDate "2010.03.06"]
[EventType "swiss"]
[EventRounds "9"]
[EventCountry "CZE"]
[SourceTitle "EXT 2012"]
[Source "ChessBase"]
[SourceDate "2011.11.24"]
[SourceVersion "1"]
[SourceVersionDate "2011.11.24"]
[SourceQuality "1"]

1. e4 e5 2. Nf3 Nc6 3. d4 d6 4. Bc4 Bg4 5. h3 Bh5 6. 0-0 Nf6 7. Re1 exd4 8. Qd3 Bxf3 9. Qxf3 Ne5 10. Qe2 Nxc4 11. Qxc4 Be7 12. Qxd4 c5 13. Qd3 0-0 14. Nc3 Re8 15. Bf4 Nh5 16. Bg3 Nxg3 17. fxg3 Qb6 18. Kh2 Bf6 19. Rab1 Rad8 20. Na4 Qb4 21. Nc3 c4 22. Qe3 Bxc3 23. bxc3 Qa5 24. Rxb7 d5 25. Qf3 Rf8 26. exd5 Qxd5 27. Qxd5 Rxd5 28. Rxa7 Rd2 29. Rae7 g6 30. Re8 Rxe8 31. Rxe8+ Kg7 32. a4 Rxc2 33. a5 Ra2 34. Rc8 Rxa5 35. Rxc4 Ra3 36. Rc8 f5 37. c4 Kf6 38. c5 Rc3 39. c6 Ke7 40. Rh8 h5 41. c7 Rxc7 42. Rh7+ Kd6 43. Rh6 Rg7 44. h4 Ke5 45. Kh3 g5 46. Rxh5 g4+ 47. Kh2 Rf7 48. Rh8 f4 49. h5 f3 50. gxf3 gxf3 51. Kg1 f2+ 52. Kf1 Rf3 53. Rg8 Kf5 54. h6 Kf6 55. h7 Kf7 56. h8Q Rf6 57. Rf8+ Ke7 58. Qxf6+ Kd7 59. Rf7+ Ke8 60. Qxf2 Kd8 61. Qb6+ Ke8 62. Ra7 Kf8 63. Qb8# 1-0